| 000 | 00448nam a2200145Ia 4500 | ||
|---|---|---|---|
| 008 | 200103s9999||||xx |||||||||||||| ||und|| | ||
| 020 | _a9280113321 | ||
| 040 | _aIMU-MPC | ||
| 082 | _aColumn-4 | ||
| 100 | _a International Maritime Organization | ||
| 245 | 0 | _aIMO/UNEP guidelines on oil spill dispersant application including environmental considerations | |
| 260 |
_b International Maritime Organization _c1995 |
||
| 300 | _avii, 55 | ||
| 942 | _cBK | ||
| 999 |
_c3121 _d3121 |
||